000 00731nam a22002537 4500
001 58517
005 20250825210557.0
008 241128r |||a|||gr|||| 00| 0 spa d
020 _a9788437604572
040 _aCO-BoRNBP
_bspa
_erda
_cCO-BoRNBP
084 _aN COR2
100 1 _aCortázar, Julio
_eJulio Cortázar
_915441
245 1 0 _aRayuela
_cJulio Cortázar; autor
250 _adecimocuarta edición
264 1 _aMadrid, España
_bEdiciones Cátedra
_c2000
300 _a155 páginas
_c18 cm.
336 _atexto
_btxt
_2rdacontenido
337 _asin mediación
_bn
_2rdamedio
338 _avolumen
_bnc
_2rdasoporte
650 1 7 _2LEMB
653 _aNovela argentina
653 _aliteratura argentina
942 _cBKLIT
999 _c58517
_d58517